Score 0/20 Timer 02:00
0 Plays Today
% Correct
PIG
98.5%
BAT
98.4%
PIT
97.4%
Brad Pitt
97.4%
PIN
97.2%
FAN
96.5%
FIN
95.7%
PEN
89.5%
Sean Penn
89.5%
BIT
85.9%
% Correct
PEG
84.5%
Simon Pegg
84.5%
BAR
76.5%
Roseanne Barr
76.5%
FAR
71.7%
Jamie Farr
71.7%
WIG
70.1%
Kristen Wiig
70.1%
WIN
63.4%
Ed Wynn
63.4%
Remove Ads.
Support Sporcle.
Get the best of Sporcle when you Go Orange. This ad-free experience offers more features, more stats, and more fun while also helping to support Sporcle. Thank you for becoming a member.

You're not logged in!

Compare scores with friends on all Sporcle quizzes.
OR
Log In

Sporcle TV

Today on Sporcle TV


Watch our educational content, quiz creation guides, and fun videos on Sporcle TV.

Show Comments

Extras

Top Quizzes Today


Score Distribution

Paid Content

Your Account Isn't Verified!

In order to create a playlist on Sporcle, you need to verify the email address you used during registration. Go to your Sporcle Settings to finish the process.

Report this User

Report this user for behavior that violates our Community Guidelines.

Details: